365 Frozen Stories (Record no. 355904)
[ view plain ]
| 000 -LEADER | |
|---|---|
| fixed length control field | 01795nim a22004215a 4500 |
| 001 - CONTROL NUMBER | |
| control field | 3067570 |
| 005 - DATE AND TIME OF LATEST TRANSACTION | |
| control field | 20201123135154.0 |
| 007 - PHYSICAL DESCRIPTION FIXED FIELD--GENERAL INFORMATION | |
| fixed length control field | sd fmngnnmmned |
| 008 - FIXED-LENGTH DATA ELEMENTS--GENERAL INFORMATION | |
| fixed length control field | 201103s2020 xxu n j eng d |
| 020 ## - INTERNATIONAL STANDARD BOOK NUMBER | |
| International Standard Book Number | 9781094194622 : |
| Terms of availability | $44.99 |
| 024 1# - OTHER STANDARD IDENTIFIER | |
| Standard number or code | 9781094194622 |
| Terms of availability | 44.99 |
| 028 42 - PUBLISHER NUMBER | |
| Publisher number | 13369865 |
| 035 ## - SYSTEM CONTROL NUMBER | |
| System control number | (MWT)on1183953198 |
| 037 ## - SOURCE OF ACQUISITION | |
| Stock number | 13369865 |
| 040 ## - CATALOGING SOURCE | |
| Original cataloging agency | Midwest |
| Description conventions | rda |
| 092 ## - LOCALLY ASSIGNED DEWEY CALL NUMBER (OCLC) | |
| Classification number | junior audiobook |
| Item number | Disney |
| 245 10 - TITLE STATEMENT | |
| Title | 365 Frozen Stories |
| Medium | [sound recording]. |
| 250 ## - EDITION STATEMENT | |
| Edition statement | Unabridged. |
| 260 ## - PUBLICATION, DISTRIBUTION, ETC. (IMPRINT) | |
| Place of publication, distribution, etc | [United States] : |
| Name of publisher, distributor, etc | Blackstone Audio, Inc., |
| Date of publication, distribution, etc | 2020. |
| 264 ## - Production, Publication, Distribution, Manufacture, and Copyright Notice. | |
| Place of production, publication, distribution, manufacture | Oregon : |
| Name of producer, publisher, distributor, manufacturer | Blackstone Publishing; |
| Date of production, publication, distribution, manufacture, or copyr | 2020 |
| 300 ## - PHYSICAL DESCRIPTION | |
| Extent | 13 sound discs (1020 min.) : |
| Other physical details | digital ; |
| Dimensions | 4 3/4 in. |
| 306 ## - PLAYING TIME | |
| Playing time | 102000 |
| 336 ## - Content Type | |
| Content type term | spoken word |
| 337 ## - Media type | |
| Media type term | audio |
| 338 ## - Carrier type | |
| Carrier type term | audio disc |
| 500 ## - GENERAL NOTE | |
| General note | Compact disc. |
| 511 1# - PARTICIPANT OR PERFORMER NOTE | |
| Participant or performer note | Read by Andrew Eiden. |
| 520 ## - SUMMARY, ETC. | |
| Summary, etc | Experience the magic of Arendelle and beyond with Anna, Elsa, and all your other favorite Frozen and Frozen 2 characters. In this audiobook, Olaf and Kristoff complete a daring rescue mission; Sven hides around the castle to avoid bath time; Elsa and Anna travel to a faraway desert kingdom; and all the friends have many, many more adventures. With one story for every day of the year, this book is perfect for bedtime, storytime, or any time! |
| 650 #4 - SUBJECT ADDED ENTRY--TOPICAL TERM | |
| Topical term or geographic name as entry element | Fantasy. |
| 9 (RLIN) | 6387090 |
| 650 #4 - SUBJECT ADDED ENTRY--TOPICAL TERM | |
| Topical term or geographic name as entry element | Action / Adventure. |
| 9 (RLIN) | 6387091 |
| 650 #4 - SUBJECT ADDED ENTRY--TOPICAL TERM | |
| Topical term or geographic name as entry element | Short Story Collections. |
| 9 (RLIN) | 6262835 |
| 650 #4 - SUBJECT ADDED ENTRY--TOPICAL TERM | |
| Topical term or geographic name as entry element | Movie Tie-In. |
| 9 (RLIN) | 5948068 |
| 655 #4 - INDEX TERM--GENRE/FORM | |
| Genre/form data or focus term | Audiobooks. |
| 9 (RLIN) | 6387092 |
| 655 #4 - INDEX TERM--GENRE/FORM | |
| Genre/form data or focus term | Children's. |
| 9 (RLIN) | 6387093 |
| 700 1# - ADDED ENTRY--PERSONAL NAME | |
| Personal name | Eiden, Andrew |
| 9 (RLIN) | 5923697 |
| 856 7# - ELECTRONIC LOCATION AND ACCESS | |
| Materials specified | View cover art |
| Uniform Resource Identifier | <a href="http://midwesttapes.com/images/movies/000/000/000/013/369/000000000013369865.jpg">http://midwesttapes.com/images/movies/000/000/000/013/369/000000000013369865.jpg</a> |
| Access method | http |
| 942 ## - ADDED ENTRY ELEMENTS (KOHA) | |
| Source of classification or shelving scheme | Dewey Decimal Classification |
| Koha item type | Audiobook on CD |
| Withdrawn status | Lost status | Source of classification or shelving scheme | Materials specified (bound volume or other part) | Damaged status | Not for loan | Collection code | Home library | Current library | Shelving location | Date acquired | Source of acquisition | Total Checkouts | Total Renewals | Full call number | Barcode | Date last seen | Date checked out | Cost, replacement price | Price effective from | Koha item type |
|---|---|---|---|---|---|---|---|---|---|---|---|---|---|---|---|---|---|---|---|---|
| Dewey Decimal Classification | 13 discs | Junior Audiobooks | Wasatch County Library | Wasatch County Library | Main Floor Junior Area | 11/23/2020 | Micromarketing | 6 | 8 | J CD Disney | 34301001663790 | 12/07/2024 | 10/24/2024 | 44.95 | 11/23/2020 | Audiobook on CD |
